| 000 | 01883 a2200385 4500 | ||
|---|---|---|---|
| 001 | 200423287 | ||
| 003 | TR-AnTOB | ||
| 005 | 20260306162013.0 | ||
| 007 | ta | ||
| 008 | 151201s2015 tu 000 0 | ||
| 020 | _a9789751626066 | ||
| 040 |
_aTR-AnTOB _beng _erda _cTR-AnTOB |
||
| 041 | 0 | _atur | |
| 050 | 0 | 0 |
_aLC2252 _b.E66 2013 |
| 090 | _aLC2252 .E66 2013 | ||
| 100 |
_aErdem, Yasemin Tümer _eauthor _9110418 |
||
| 245 | 1 | 0 |
_aII. Meşrutiyet'ten Cumhuriyet'e kızların eğitimi / _cYasemin Tümer Erdem. |
| 264 | 1 |
_aAnkara : _bTürk Tarih Kurumu, _c2013. |
|
| 264 |
_b, _c©2013 |
||
| 300 |
_axvi, 509 pages : _btables. _c21 cm. |
||
| 336 |
_atext _btxt _2rdacontent |
||
| 337 |
_aunmediated _bn _2rdamedia |
||
| 338 |
_avolume _bnc _2rdacarrier |
||
| 490 | 0 |
_aTürk Tarih Kurumu ; _vsayı: 1 |
|
| 500 | _a"Donated by Halil İnalcık." | ||
| 504 | _aBIB | ||
| 505 | _aPart I. II. Meşrutiyet Dönemi'nde Kadının Eğitimi Hakkında Tartışmalar I. Fikir Akımlarına Kısa Bir Bakış ve Bu Akımlara Göre Kadın Eğitimi -- II. Eğitimcilere Göre Kadın Eğitimi -- III. Edebî Eserlerde Kadın Eğitimi -- IV. Basında Kadın Eğitimi Tartışmaları Part II. İlköğretim I. Sıbyan Mektepleri ve İbtidaîler -- II. İnas Rüşdiyeleri Part III. Ortaöğretim I. Kız Sanayi Mektepleri -- II. İnas İdadisi -- III. İnas Sultanileri Part IV. Kız Okullarına Öğretmen Yetiştiren Kurum: Darülmuallimât Part V. Yüksek Öğretim I. İnas Darülfünunu -- II. İnas Sanayi-i Nefise Mektebi | ||
| 650 | 0 | 0 |
_aWomen _xEducation _zTurkey _xHistory _y20th century _9110420 |
| 650 | 0 | 0 |
_aKadınlar _xEğitim _zTürkiye _xTarih _y20. yüzyıl _9110421 |
| 650 | 0 | 0 |
_aWomen _zTurkey _xSocial conditions _976037 |
| 650 | 0 | 7 |
_aKadınlar _zTürkiye _xSosyal durum _2etuturkob _98192 |
| 700 | 1 |
_aArığ, Ayten Sezer _9110419 |
|
| 942 |
_cBK _2lcc |
||
| 999 |
_c200423287 _d40178 |
||